| Record ID | ia:elementaryalgebr02edsull |
| Source | Internet Archive |
| Download MARC XML | https://archive.org/download/elementaryalgebr02edsull/elementaryalgebr02edsull_marc.xml |
| Download MARC binary | https://www.archive.org/download/elementaryalgebr02edsull/elementaryalgebr02edsull_meta.mrc |
LEADER: 00820cam a22002414a 4500
001 2008028656
003 DLC
005 20100810065932.0
008 080626s2010 njua 001 0 eng
010 $a 2008028656
020 $a9780321567482
040 $aDLC$cDLC$dDLC
050 00 $aQA152.3$b.S865 2010
082 00 $a512.9$222
100 1 $aSullivan, Michael,$d1967 July 2-
245 10 $aElementary algebra /$cMichael Sullivan lll, Katherine R. Struve, Janet Mazzarella .
250 $a2nd ed.
260 $aUpper Saddle River, N.J. :$bPearson Prentice Hall,$cc2010.
300 $a708 p. :$bcol. ill. ;$c29 cm. +$e1 CD-ROM (4 3/4 in.)
500 $aIncludes indexes.
650 0 $aAlgebra$vTextbooks.
700 1 $aStruve, Katherine R.
856 41 $3Table of contents only$uhttp://www.loc.gov/catdir/toc/ecip0822/2008028656.html